Course on dispute settlement : Regional Approaches :
| Format: | Book |
|---|---|
| Published: |
Geneva:
United Nations,
2003.
|
| Subjects: |
| LEADER | 00480cam a2200145 7i4500 | ||
|---|---|---|---|
| 001 | 0000013292 | ||
| 005 | 20040331090000.0 | ||
| 090 | 0 | 0 | |a I 382.92 |b COU |
| 245 | 0 | 0 | |a Course on dispute settlement : |b Regional Approaches : |b Regional Approaches : |b 6.3 Asean. |
| 260 | 0 | 0 | |a Geneva: |b United Nations, |c 2003. |
| 300 | # | # | |a 32p. |
| 650 | 0 | 0 | |a Economic dispute -- |z ASEAN |
| 650 | 0 | 0 | |a Dispute settlement -- |z ASEAN |
| 651 | 0 | 0 | |a ASEAN |
| 999 | |a 0000015178 |b Book |c International |e Business Information Centre | ||